Antioxidačne a antimikrobiálne účinné zložky korenín bakalárska práca

Salvato in:
Dettagli Bibliografici
Autore principale: Balúnová, Mária
Natura: Libro
Lingua:slovacco
Pubblicazione: Bratislava STU FCHPT 2015
Accesso online:Visualizza in OPAC
Tags: Aggiungi Tag
Nessun Tag, puoi essere il primo ad aggiungerne!!

MARC

LEADER 00000nam a2200000 a 4500
005 20260127134148.0
008 151109 2015 000 0 slo d
035 |a vtls011187501 
039 9 |y 201511091214  |z mschk03 
040 |a STUSCHK1  |b slo  |c STUSCHK1  |e AACR2 
100 1 |a Balúnová, Mária 
245 1 |a Antioxidačne a antimikrobiálne účinné zložky korenín  |b bakalárska práca  |c Mária Balúnová 
260 |a Bratislava  |b STU FCHPT  |c 2015 
300 |a 70 s.  |b il.  |c 25 cm 
500 |a Študijný program: výživa-kozmetika-ochrana zdravia 
500 |a Študijný odbor: potravinárstvo 
500 |a Školiace pracovisko: Odd. potravinárskej technológie 
500 |a Evid. číslo: FCHPT-13046-61410 
910 |a SCHK95 
999 |c 5533  |d 5533